| 000 | 00546nam a2200169Ia 4500 | ||
|---|---|---|---|
| 008 | 140529s9999 xx 000 0 und d | ||
| 020 | _a9789715849586 | ||
| 050 |
_aTX 901 _b.Sa26 2010 |
||
| 100 | _aSantos, Buen. | ||
| 245 |
_aIntroduction to hotel and resort management / _cBuen Santos |
||
| 260 |
_aQuezon City, Philippines : _bC&E Publishing, Inc., _cc2010. |
||
| 300 |
_a177 p. ; _bill. (some col.), maps (some col.) ; _c26 cm. |
||
| 500 | _aIncludes bibliographical references. | ||
| 521 | _aBSBA | ||
| 942 |
_kLOC _cBK |
||
| 999 |
_c117647 _d117647 |
||